000
00297nam a22001337a 4500
008
170614b xxu||||| |||| 00| 0 eng d
020
_a
9780131727656
041
_a
eng
080
_a
321
100
_a
19
101
_a
SHP
245
_a
UNITED NATIONS POLITICS
_c
PUCHALA.D.J
942
_2
udc
_c
BK
999
_c
17290
_d
17290